| 000 | | | 03639nmc2a22002413x 450 |
| 001 | | | 02f39e37-6fbb-46b1-a416-a4a12b9b81a5 |
| 005 | | | 20250622080436.0 |
| 100 | ## | $a | 20241203l18381839k l0rusy0189 ca |
| 101 | 0# | $a | rus |
| 102 | ## | $a | RU |
| 105 | ## | $a | y### |
| 122 | 2# | $a | d |
| 200 | 1# | $a | Дело по отношении его высочества великого князя Михаила Павловича об определении в Третью Санкт-Петербургскую гимназию малолетнего Янковского |
| | $j | 7 ноября 1838 г. - 23 апреля 1839 г. |
| 215 | ## | $a | 14 л. |
| | $d | 36,5х26 см |
| 251 | ## | $c | Дело |
| 300 | ## | $a | На обложке указано: "№1115" |
| 371 | ## | $a | Документ не является опубликованным и широко распространяемым |
| 461 | #0 | $1 | 0012b5b8419-5ce4-4d16-a7a3-85720a295f1f |
| | $1 | 2001 |
| | $a | Канцелярия министра народного просвещения |
| | $1 | 251 |
| | $c | Фонд |
| | $1 | 852 |
| | $j | 735 |
| 462 | #0 | $1 | 001562cc287-b13c-4f02-8029-f81535ba1e2e |
| | $1 | 2001 |
| | $a | Канцелярия министра народного просвещения |
| | $1 | 251 |
| | $c | Опись |
| | $1 | 852 |
| | $j | 2 |
| 801 | #0 | $a | RU |
| | $b | РГИА |
| | $c | 20241203 |
| | $g | RCR |
| 801 | #1 | $a | RU |
| | $b | ГлавНИВЦ |
| | $c | 20241203 |
| | $2 | rusmarc |
| 801 | #2 | $a | RU |
| | $b | ПБ им. Б.Н. Ельцина |
| | $c | 20250622 |
| | $g | RCR |
| | $2 | rusmarc |
| 850 | ## | $a | РГИА |
| 852 | ## | $a | РГИА |
| | $e | Федеральное казенное учреждение "Российский государственный исторический архив" (РГИА) |
| | $j | 49 |
| 937 | ## | $h | РГИА |
| | $d | 12420726 |
| | $a | ASBIBLIO_SCAN |
| 035 | ## | $a | RusGRCC00083249 |
| 856 | ## | $u | http://readingroom.main.prlib.ru/item.aspx?id_node=n196866485&mode=full |